Vista normal
Vista MARC
Entrada Materia (personas)
Número de registros utilizados en: 1
001 - CONTROL NUMBER
- control field: 103366
003 - CONTROL NUMBER IDENTIFIER
- control field: Co-BoUCM
005 - DATE AND TIME OF LATEST TRANSACTION
- control field: 20210507151905.0
008 - FIXED-LENGTH DATA ELEMENTS
- fixed length control field: 210507|| aca||aabn | a|a d
040 ## - CATALOGING SOURCE
- Original cataloging agency: Co-BoUCM
- Transcribing agency: Co-BoUCM
100 ## - HEADING--PERSONAL NAME
- Personal name: Menguin, Urbano
670 ## - SOURCE DATA FOUND
- Source citation: Work cat.: (Co-BoUCM): Ferrero, Guglielmo 1871-1942 71704, Grandeur et Décadence de Rome. I. La Conquête ; II. Jules César ; III. La fin d’une aristocratie ; IV. Antoine et Cléopatre ; V. La République d’ Auguste ; VI. Auguste et le grand Empire., 1903-1908